Future challenges for the port and shipping sector / (Record no. 3078)

000 -LEADER
fixed length control field 01933cam a2200349Ii 4500
008 - FIXED-LENGTH DATA ELEMENTS--GENERAL INFORMATION
fixed length control field 180706s2009 enkad ob 001 0 eng d
020 ## - INTERNATIONAL STANDARD BOOK NUMBER
International Standard Book Number 9781315850474
Qualifying information (e-book : PDF)
020 ## - INTERNATIONAL STANDARD BOOK NUMBER
International Standard Book Number 9781317912781
Qualifying information (e-book: Mobi)
020 ## - INTERNATIONAL STANDARD BOOK NUMBER
International Standard Book Number 9781317912798
Qualifying information (e-book: ePub)
020 ## - INTERNATIONAL STANDARD BOOK NUMBER
International Standard Book Number 9781317912804
Qualifying information (e-book: PDF)
020 ## - INTERNATIONAL STANDARD BOOK NUMBER
Qualifying information (hardback)
040 ## - CATALOGING SOURCE
Original cataloging agency IMU Kochi Library
Language of cataloging eng
041 0# - LANGUAGE CODE
Language code of text/sound track or separate title eng
082 04 - DEWEY DECIMAL CLASSIFICATION NUMBER
Classification number 387
Item number F996
245 00 - TITLE STATEMENT
Title Future challenges for the port and shipping sector /
300 ## - PHYSICAL DESCRIPTION
Extent 1 online resource (xxi, 174 pages)
490 1# - SERIES STATEMENT
Series statement Grammenos library
504 ## - BIBLIOGRAPHY, ETC. NOTE
Bibliography, etc Includes bibliographical references (pages 161-170) and index.
505 0# - FORMATTED CONTENTS NOTE
Formatted contents note ch. 1. Maritime traffic and the world economy / Hilde Meersman -- ch. 2. The future of ships and shipbuilding : a look into the crystal ball / Hans Hopman and Ubald Nienhuis -- ch. 3. Future developments in ports / Enrico Musso -- ch. 4. Global economic changes and the future of port authorities / Antonio Estache and Lourdes Trujillo -- ch. 5. The economic fabric of ports / Hilde Meersman, Eddy Van de Voorde and Thierry Vanelslander -- ch. 6. Bottlenecks of efficiency and the development of port business / Rosario Macario and Jose Viega -- ch. 7. Developments and issues in shipping finance / Costas Th. Grammenos -- ch. 8. Scenarios and strategies for the port and shipping sector / Hilde Meersman, Eddy Van de Voorde and Thierry Vanelslander.
650 #0 - SUBJECT ADDED ENTRY--TOPICAL TERM
Topical term or geographic name as entry element Shipping
General subdivision Economic aspects.
700 1# - ADDED ENTRY--PERSONAL NAME
Personal name Meersman, Hilde.
700 1# - ADDED ENTRY--PERSONAL NAME
Personal name Vanelslander, Thierry.
700 1# - ADDED ENTRY--PERSONAL NAME
Personal name Voorde, E. van de
Fuller form of name (Eddy)
830 #0 - SERIES ADDED ENTRY--UNIFORM TITLE
Uniform title Grammenos library.
856 40 - ELECTRONIC LOCATION AND ACCESS
Uniform Resource Identifier <a href="https://www.taylorfrancis.com/books/9781315850474">https://www.taylorfrancis.com/books/9781315850474</a>
Public note Click here to view.
904 ## - LOCAL DATA ELEMENT D, LDD (RLIN)
CATALOGER Rudra Ranjan
905 ## - LOCAL DATA ELEMENT E, LDE (RLIN)
VERIFIER Rudra Ranjan
942 ## - ADDED ENTRY ELEMENTS (KOHA)
Item type E-Book
264 #1 -
-- London :
-- Informa,
-- 2009.

No items available.



Copyright © All Rights Reserved by Indian Maritime University, Kochi Campus.
For any Suggestions/Query Contact to library or Email: library.kochi@imu.ac.in Ph:(0484)-2989402
(Web OPAC Designed by Rudra Ranjan. Maintained by IMU Kochi Library)

Powered by Koha